| 000 | 00948cab a2200241 4500 | ||
|---|---|---|---|
| 001 | X2523 | ||
| 008 | 090401t1995 xxu||||| |||| 00| 0 eng d | ||
| 035 | _a(Sirsi) u24805 | ||
| 041 | _aeng | ||
| 245 | _aNew Forest DC and Ralph | ||
| 260 | _c1995 | ||
| 350 | _a0 | ||
| 490 |
_aPlanning Appeal Decisions _v(1995) 10 PAD 531-535 (5) |
||
| 520 | _aerection of timber fence - security and privacy - located on line of back edge of pavement - if erected on line set back approx. 1m fence would have been permitted development - article 3 of General Development Order - permitted development regarded by Inspector as planning commitment - appeal allowed. | ||
| 650 | _aBOUNDARY FENCE | ||
| 650 | _aGENERAL DEVELOPMENT ORDER ART.3 | ||
| 650 | _aNEW FOREST DC AND RALPH | ||
| 650 | _aSECURITY AND PRIVACY | ||
| 650 | _aTOWN AND COUNTRY PLANNING ACT 1990 | ||
| 690 | _aPLANNING LAW AND PRACTICE-CASE LAW | ||
| 942 | _n0 | ||
| 948 | _c04/03/1997 | ||
| 999 |
_c16641 _d16641 |
||